|
|
|
|
| LEADER |
00000nab a2200000 4500 |
| 001 |
vtls012016664 |
| 003 |
SK-MaSNL |
| 005 |
20260318114050.0 |
| 008 |
210303c2019 xo er|n || ||00 c0ukr |
| 015 |
|
|
|a SNBRB2021/03
|
| 038 |
|
|
|a SVKPOCL
|
| 040 |
|
|
|a SVKPOCL
|b slo
|c SVKPOCL
|e rda
|
| 041 |
0 |
|
|a ukr
|
| 043 |
|
|
|a e-xr---
|
| 044 |
|
|
|a xo
|c SK
|
| 072 |
|
7 |
|a 373.2/.3
|x Predškolská a primárna výchova a vzdelávanie
|2 konspekt
|
| 072 |
|
7 |
|a 050
|x Seriálové publikácie. Periodiká
|2 konspekt
|
| 080 |
|
|
|a (051.053.2)(=161.2)(437.3)
|2 2011
|
| 080 |
|
|
|a 373.3(437.3)
|2 2011
|
| 080 |
|
|
|a 002.2(437.3)
|2 2011
|
| 080 |
|
|
|a 070.489-053.2(437.3)=161.2
|2 2011
|
| 080 |
|
|
|a (437.3)
|2 2011
|
| 080 |
|
|
|a (437.311)
|2 2011
|
| 080 |
|
|
|a 070.488-053.2
|2 2011
|
| 110 |
2 |
|
|a Redakcia časopisu «Nezabudky»
|4 aut
|9 1631827
|
| 245 |
0 |
0 |
|a V Čechiji nezabutnja podija - pojava «Nezabudky»
|c Redakcija «Nezabudky»
|
| 300 |
|
|
|b Fotografie
|
| 336 |
|
|
|a text
|b txt
|2 rdacontent
|
| 337 |
|
|
|a bez média
|b n
|2 rdamedia
|
| 338 |
|
|
|a zväzok
|b nc
|2 rdacarrier
|
| 500 |
|
|
|a V rubrike Informaciji / Humor
|
| 600 |
1 |
7 |
|a Pavliv, Oleh,
|d 1991-
|2 svkpocl
|9 1107432
|
| 610 |
2 |
7 |
|a Tovarystvo Opir Zachidnoji Ukrajiny (spoločnosť : Praha, Česko)
|2 svkpocl
|9 1583664
|
| 630 |
0 |
7 |
|a „Nezabudka“ (česko-ukrajinský literárny časopis pre deti)
|g číslo 1. (2019)
|2 svkpocl
|9 1631828
|
| 630 |
0 |
7 |
|a „Mandrivnyk“ (česko-ukrajinský literárny časopis)
|2 svkpocl
|9 1583666
|
| 648 |
|
7 |
|a 2019
|2 svkpocl
|9 350886
|
| 650 |
0 |
7 |
|a literatúra pre deti
|2 SNKPH
|9 55721
|
| 650 |
0 |
7 |
|a literárne časopisy
|2 SNKPH
|9 58409
|
| 650 |
0 |
7 |
|a časopisy pre deti
|2 SNKPH
|9 69805
|
| 650 |
0 |
7 |
|a literárnovedné rozbory
|2 SNKPH
|9 241582
|
| 650 |
0 |
7 |
|a obsahová charakteristika
|2 svkpocl
|9 1086894
|
| 651 |
|
7 |
|a Praha (Česko)
|2 SNKPHgeo
|9 19313
|
| 651 |
|
7 |
|a Česko
|2 SNKPHgeo
|9 16753
|
| 773 |
0 |
|
|t Nove žyttja
|g Roč. 69, č. 21 (2019), s. 4
|
| 852 |
|
|
|a SVKPO
|b KIS3GCP
|
| 958 |
|
|
|a SS
|
| 958 |
|
|
|a LX
|
| 958 |
|
|
|a CZ
|
| 958 |
|
|
|a DB
|
| 999 |
|
|
|c 3364613
|d 3366543
|